Mantenimiento electrónico: fallas, pruebas, seguridad, esquemas, función, prácticas (Registro nro. 13706)
[ vista simple ]
| 000 -Cabecera | |
|---|---|
| Campo de control de longitud fija | 01041nam a22003497a 4500 |
| 005 - Fecha y hora de la última transacción | |
| Campo de control | 20250402162243.0 |
| 008 - Elementos de longitud fija--Información general | |
| Campo de control de longitud fija | 250402b |||||||| |||| 00| 0 spa d |
| 020 ## - International Standard Book Number | |
| Número Internacional Estándar del Libro (ISBN) | 9798393294304 |
| 041 ## - Idioma | |
| Código de idioma | Español |
| 082 ## - Clasificación Decimal Dewey | |
| Número de clasificación | 621.381 ED23m |
| 100 ## - Entrada principal--Autor personal | |
| Nombre personal | Edición EMD |
| 245 ## - Título propiamente dicho | |
| Título | Mantenimiento electrónico: fallas, pruebas, seguridad, esquemas, función, prácticas |
| 260 ## - Pie de imprenta | |
| Lugar de publicación, distribución, etc. | España |
| 260 ## - Pie de imprenta | |
| Nombre del editor, distribuidor, etc. | Independently published |
| 260 ## - Pie de imprenta | |
| Fecha de publicación, distribución, etc. | 2023 |
| 300 ## - Descripción física | |
| Extensión | 332 páginas |
| 650 ## - Materia general | |
| Temática (materia general) | ELECTRÓNICA |
| 650 ## - Materia general | |
| Temática (materia general) | EQUIPOS ELECTRÓNICOS |
| 650 ## - Materia general | |
| Temática (materia general) | DIAGNÓSTICO DE FALLAS |
| 650 ## - Materia general | |
| Temática (materia general) | CÓDIGO OSHA |
| 650 ## - Materia general | |
| Temática (materia general) | SISTEMAS ELÉCTRICOS |
| 650 ## - Materia general | |
| Temática (materia general) | INSTRUMENTOS ELÉCTRICOS DE MEDICIÓN |
| 650 ## - Materia general | |
| Temática (materia general) | SISTEMA INTERNACIONAL DE UNIDADES |
| 650 ## - Materia general | |
| Temática (materia general) | EQUIPOS ELECTRÓNICOS ANALÓGICOS |
| 650 ## - Materia general | |
| Temática (materia general) | EQUIPOS ELECTRÓNICOS DIGITALES |
| 650 ## - Materia general | |
| Temática (materia general) | FUNIONAMIENTO DE FALLAS |
| 650 ## - Materia general | |
| Temática (materia general) | DIAGRÁMAS ELECTRÓNICOS |
| 650 ## - Materia general | |
| Temática (materia general) | PARÁMETROS ELÉCTRICOS |
| 650 ## - Materia general | |
| Temática (materia general) | VERIFICACIÓN DE FALLAS |
| 942 ## - Punto de acceso adicional KOHA | |
| Fuente del sistema de clasificación o colocación | Dewey Decimal Classification |
| Tipo de ítem KOHA | Libro |
| Signatura completa | Código de barras | Programa Académico | Tipo de ítem |
|---|---|---|---|
| 621.381 ED23m | 25932 | Electrónica | Libro |
| 621.381 ED23m | 25933 | Libro |